| 000 | 00472nam a2200193Ia 4500 | ||
|---|---|---|---|
| 003 | STCL | ||
| 008 | 221019s9999 xx 000 0 und d | ||
| 020 | _a9780143104094 | ||
| 040 |
_aSTCL _cSTCL _bEN |
||
| 082 | _222 | ||
| 100 | _aBipan, Chandra | ||
| 100 | _aMridula, Mukherjee; Aditya, Mukherjee | ||
| 245 | 0 | _aIndia since independence | |
| 260 |
_bPenguin Books _aNew Delhi _c2008 |
||
| 300 | _a772 p | ||
| 365 | _b450 | ||
| 546 | _aEnglish | ||
| 942 |
_cBK _2DDC _e22 |
||
| 999 |
_c88175 _d88175 |
||